书目信息 |
| 题名: |
蜜蜂高效授粉技术
|
|
| 作者: | 张旭凤 , 武文卿 编著 | |
| 分册: | ||
| 出版信息: | 郑州 中原农民出版社 2018 |
|
| 页数: | 214页 | |
| 开本: | 25cm | |
| 丛书名: | 中国蜜蜂资源与利用丛书 | |
| 单 册: | ||
| 中图分类: | Q944.43 | |
| 科图分类: | ||
| 主题词: | 蜜蜂授粉--mi feng shou fen | |
| 电子资源: | ||
| ISBN: | 978-7-5542-1989-8 | |
| 000 | 01409nam 2200313 450 | |
| 001 | 012001005265 | |
| 005 | 20141212154826.0 | |
| 010 | @a978-7-5542-1989-8@dCNY98.00 | |
| 099 | @aCAL 012019057876 | |
| 100 | @a20190111d2018 em y0chiy50 ea | |
| 101 | 0 | @achi |
| 102 | @aCN@b410000 | |
| 105 | @aak a 000yy | |
| 106 | @ar | |
| 200 | 1 | @a蜜蜂高效授粉技术@Ami feng gao xiao shou fen ji shu@d= The efficient technology of honeybee pollination@f张旭凤, 武文卿编著@zeng |
| 210 | @a郑州@c中原农民出版社@d2018 | |
| 215 | @a214页@c图 (部分彩图)@d25cm | |
| 225 | 2 | @a中国蜜蜂资源与利用丛书@Azhong guo mi feng zi yuan yu li yong cong shu |
| 300 | @a国家出版基金项目 | |
| 320 | @a有书目 (第213-214页) | |
| 330 | @a本书主要介绍了授粉昆虫在生态系统中的重要地位, 授粉类型与授粉媒介的多样性, 授粉昆虫在生态系统中的重要地位, 以蜜蜂为主的授粉昆虫对农业生产的贡献, 授粉蜂的种类及授粉特性, 大田蜜蜂授粉技术与应用实例, 大田蜜蜂授粉配套技术, 大田作物蜜蜂授粉应用实例, 设施农业蜜蜂授粉技术与应用实例, 蜜粉源植物生理, 影响花蜜分泌的主要因素, 我国蜜粉源植物的种类与分布等内容。 | |
| 410 | 0 | @12001 @a中国蜜蜂资源与利用丛书 |
| 510 | 1 | @aEfficient technology of honeybee pollination@zeng |
| 606 | 0 | @a蜜蜂授粉@Ami feng shou fen |
| 690 | @aQ944.43@v5 | |
| 701 | 0 | @a张旭凤@Azhang xu feng@4编著 |
| 701 | 0 | @a武文卿@Awu wen qing@4编著 |
| 801 | 0 | @aCN@b江苏凤凰@c20191020 |
| 905 | @b1207679-82@dQ944.43@e437@f4 | |
| 蜜蜂高效授粉技术= The efficient technology of honeybee pollination/张旭凤, 武文卿编著.-郑州:中原农民出版社,2018 |
| 214页:图 (部分彩图);25cm.-(中国蜜蜂资源与利用丛书) |
| 国家出版基金项目 |
| ISBN 978-7-5542-1989-8:CNY98.00 |
| 本书主要介绍了授粉昆虫在生态系统中的重要地位, 授粉类型与授粉媒介的多样性, 授粉昆虫在生态系统中的重要地位, 以蜜蜂为主的授粉昆虫对农业生产的贡献, 授粉蜂的种类及授粉特性, 大田蜜蜂授粉技术与应用实例, 大田蜜蜂授粉配套技术, 大田作物蜜蜂授粉应用实例, 设施农业蜜蜂授粉技术与应用实例, 蜜粉源植物生理, 影响花蜜分泌的主要因素, 我国蜜粉源植物的种类与分布等内容。 |
| ● |
| 相关链接 |
|
|
|
|
正题名:蜜蜂高效授粉技术
索取号:Q944.43/437
 
预约/预借
| 序号 | 登录号 | 条形码 | 馆藏地/架位号 | 状态 | 备注 |
| 1 | 1207679 | 212076796 | 第二样本阅览室/ [索取号:Q944.43/437] | 在馆 | |
| 2 | 1207680 | 212076803 | 第三借阅区/ [索取号:Q944.43/437] | 在馆 | |
| 3 | 1207681 | 212076812 | 第三借阅区/ [索取号:Q944.43/437] | 在馆 | |
| 4 | 1207682 | 212076821 | 第三借阅区/ [索取号:Q944.43/437] | 在馆 |